000 00728nam a2200205 a 4500
001 BRCA_458
005 20190320203023.0
008 940325s1997 mx-a---##d---f000-0cspa-d
050 4 _aNK844
_b.A78 1997
245 1 0 _aArtesanía viva
_b52 mujeres alfareras
_cPaquimé Grupo Pearson ; introducción Mata Ortíz.
260 _aMéxico
_bFonaes : SEDESOL
_c1997
300 _a60 p.
_bil.
_c20 cm.
500 _aCatálogo de la exposición realizada en el Museo Franz Mayer (Ciudad de México), invierno 1997
650 1 4 _aArtesanías
_zChihuahua, México
_91573
650 1 4 _aMujeres alfareras
_91574
650 1 4 _aMujeres en el arte
_91575
700 1 _aOrtíz, Mata
_91576
710 2 _aPaquimé Grupo Pearson
_91577
942 _2lcc
_cB
999 _c393
_d393